Normal view
MARC view
- Loos, Adolf,
Entry Personal Name
001 - CONTROL NUMBER
- control field: 121908
003 - CONTROL NUMBER IDENTIFIER
- control field: NUST
005 - DATE AND TIME OF LATEST TRANSACTION
- control field: 20240306124417.0
008 - FIXED-LENGTH DATA ELEMENTS
- fixed length control field: 240306|| aca||aabn | a|a d
040 ## - CATALOGING SOURCE
- Original cataloging agency: NUST
- Transcribing agency: NUST
100 ## - HEADING--PERSONAL NAME
- Personal name: Loos, Adolf,
- Dates associated with a name: 1870-1933
- General subdivision: Criticism and interpretation
670 ## - SOURCE DATA FOUND
- Source citation: Work cat.: (NUST)0: Eisenman, Peter, 1932- author. 32135, Lateness /
